Commemoració del 50è aniversari de l'Escola Normal de la Generalitat
ISBN:
84-393-0169-3
Publicado:
Barcelona :
Generalitat de Catalunya. Departament d'Ensenyament. Secretaria General ,
1983
Descripción Física:
87 p. : fot. ; 23 cm
Materias:
Escola Normal de la Generalitat
MARC
| LEADER | 00000nam a2200000Ia 4500 | ||
|---|---|---|---|
| 001 | 21280 | ||
| 008 | 160829s1983 xx 000 0 cat d | ||
| 020 | |a 84-393-0169-3 | ||
| 080 | |a E-1-325 | ||
| 245 | |a Commemoració del 50è aniversari de l'Escola Normal de la Generalitat | ||
| 260 | |a Barcelona : |b Generalitat de Catalunya. Departament d'Ensenyament. Secretaria General, |c 1983 | ||
| 300 | |a 87 p. : |b fot. ; |c 23 cm | ||
| 610 | 2 | 0 | |a Escola Normal de la Generalitat |9 56511 |
| 700 | |a Catalunya. Secretaria General |9 40888 | ||
| 700 | |a Escola Normal de la Generalitat | ||
| 901 | |a Arxiu | ||
| 942 | |n 1 | ||
| 952 | |0 0 |1 0 |4 0 |6 E1325 |7 1 |9 49945 |a Arxiu |b Arxiu |d 2016-12-01 |l 0 |o E-1-325 |p 21280 |r 2016-12-01 00:00:00 |w 2016-12-01 |y ARXIU | ||
| 999 | |c 53787 |d 53787 | ||